| 000 | 01211nam a2200337 i 4500 | ||
|---|---|---|---|
| 001 | bg | ||
| 245 | 0 | 0 |
_aFinanse / _c[red. prowadzący tomu Izabela Różańska, Elżbieta Weremowicz ; przekł. t. 4 Wiktor Kisiel]. |
| 246 | 1 |
_iTyt. oryg. : _aBusiness : _bthe ultimate resource |
|
| 260 |
_aWarszawa : _bWydawnictwo Naukowe PWN, _c2007. |
||
| 300 |
_a214 s. ; _c23 cm. |
||
| 490 | 1 |
_aBiblioteka Gazety Wyborczej. _pBiznes ; _vT. 4 |
|
| 504 | _aBibliogr. s. 208 i przy rozdz. Indeks. | ||
| 521 | _aDla kadry zarządzającej : liderów i menedżerów, przedsiębiorców, a taże studentów. | ||
| 650 | 9 | _aFinanse | |
| 655 | _aPodręczniki | ||
| 700 | 1 |
_aRóżańska, Izabela. _eRed. |
|
| 700 | 1 |
_aWeremowicz, Elżbieta. _eRed. |
|
| 700 | 1 |
_aKisiel, Wiktor. _eTł. |
|
| 830 |
_aBiblioteka Gazety Wyborczej. _pBiznes ; |
||
| 020 | _a9788301152741 (t. 4) | ||
| 020 | _a9788301152819 (całość) | ||
| 040 | _cBPK | ||
| 041 | 1 |
_apol _heng |
|
| 044 | _aPOL | ||
| 080 | _a336:658.14/.17(07) | ||
| 920 | _a978-83-01-15281-9 (całość) | ||
| 920 | _a978-83-01-15274-1 (t. 4) | ||
| 942 | _cKS | ||
| 008 | s pl f |000 0 pol | ||
| 999 |
_c54536 _d54536 |
||
| 856 |
_uhttp://koha.tu.koszalin.pl/cgi-bin/koha/opac-detail.pl?biblionumber=54536 _yKatalog online BPK |
||